| 000 | 02771cam a22003974a 4500 | ||
|---|---|---|---|
| 001 | 13923386 | ||
| 003 | ARRUPE | ||
| 005 | 20140318020009.0 | ||
| 008 | 050407s2006 mau b 001 0 eng | ||
| 010 | _a 2005009841 | ||
| 020 | _a1405119489 (hbk. : alk. paper) | ||
| 020 | _a1405119497 (pbk. : alk. paper) | ||
| 020 |
_a9781405119481 _c(hbk. : alk. paper) |
||
| 020 |
_a9781405119498 _c(pbk. : alk. paper) |
||
| 035 | _a(OCoLC)ocm58986022 | ||
| 040 |
_aDLC _cDLC _dDLC |
||
| 042 | _apcc | ||
| 050 | 0 | 0 |
_aB1603.U873 _bB74 2006 |
| 100 |
_aWest, Henry R. _91721 |
||
| 245 | 0 | 4 |
_aThe Blackwell guide to Mill's Utilitarianism / _cedited by Henry R. West. |
| 260 |
_aMalden, MA ; _aOxford : _bBlackwell Pub., _cc2006. |
||
| 300 |
_aix, 275 p. ; _c26 cm. |
||
| 490 | 1 |
_aBlackwell guides to great works ; _v3 |
|
| 504 | _aIncludes bibliographical references and index. | ||
| 505 | 0 | _aPart I : The background of Mill's Utilitarianism -- Mill's life / Susan Leigh Anderson -- Bentham's utilitarianism / Gerald J. Postema -- The place of utilitarianism in Mill's philosophy / John Skorupski -- Part II : The complete text of John Mill's Utilitarianism -- General remarks -- What utilitarianism is -- Of the ultimate sanction of the principle of utility -- Of what sort of proof the principle of utility is susceptible -- On the connection between justice and utility -- Part III : Essays on the text -- Mill's theory of value / Wendy Donner -- Mill's theory of morally correct action / Alan E. Fuchs -- Mill's theory of sanctions / Dale E. Miller -- Mill's "proof" of the principle of utility / Henry R. West -- Mill's theory of rights / L.W. Sumner -- Part IV : Influence and contemporary issues -- Contemporary criticisms of utilitarianism : a response / William H. Shaw -- The scalar approach to utilitarianism / Alastair Norcross -- Right, wrong, and rule-consequentialism / Brad Hooker -- Some implications of utilitarianism for practical ethics : the case against the military response to terrorism / Bart Gruzalski. | |
| 600 | 1 | 0 |
_aMill, John Stuart, _d1806-1873. _tUtilitarianism. _91722 |
| 650 | 0 |
_aUtilitarianism. _91723 |
|
| 700 | 1 |
_aWest, Henry R., _d1933- _91724 |
|
| 830 | 0 |
_aBlackwell guides to great works. _91725 |
|
| 856 | 4 | 1 |
_3Table of contents _uhttp://www.loc.gov/catdir/toc/ecip0510/2005009841.html |
| 856 | 4 | 2 |
_3Contributor biographical information _uhttp://www.loc.gov/catdir/enhancements/fy0802/2005009841-b.html |
| 856 | 4 | 2 |
_3Publisher description _uhttp://www.loc.gov/catdir/enhancements/fy0802/2005009841-d.html |
| 906 |
_a7 _bcbc _corignew _d1 _eecip _f20 _gy-gencatlg |
||
| 942 |
_2lcc _cMONOGRAPH _02 |
||
| 999 |
_c118156 _d118156 |
||